000 00643cam a22002293a 4500
001 19739
003 PGUSA
005 20140828083422.0
008 061108s2006||||xxu|||||s|||||000 | eng d
040 _aPGUSA
_beng
042 _adc
050 4 _aPS
245 1 0 _aModern American Prose Selections
_h[electronic resource]
260 _bProject Gutenberg,
_c2006
506 _aPublic domain in the USA.
516 _aElectronic text
653 _aAmerican prose literature
700 1 _aRees, Byron J.
_q(Byron Johnson),
_d1877-1920
830 0 _aProject Gutenberg
_v19739
856 4 0 _uhttp://www.gutenberg.org/ebooks/19739
942 _cEB
999 _c248994
_d248994